[Event "Coulsdon Easter"]
[Site "Coulsdon"]
[Date "2009.04.19"]
[Round "13"]
[White "Savage, Ben D"]
[Black "Lundin, Jan"]
[Result "1/2-1/2"]
[WhiteElo "2330"]
[BlackElo "2337"]
[PlyCount "110"]
[EventDate "2009.04.13"]
[EventType "tourn"]
[EventRounds "13"]
[EventCountry "ENG"]
[EventCategory "6"]
[SourceTitle "CBM 129 Extra"]
[Source "ChessBase"]
[SourceDate "2009.05.05"]
[SourceVersion "2"]
[SourceVersionDate "2009.05.20"]
[SourceQuality "1"]

1. d4 Nf6 2. c4 g6 3. Nc3 d5 4. cxd5 Nxd5 5. e4 Nxc3 6. bxc3 Bg7 7. Qa4+ c6 8. Nf3 0-0 9. Be2 Bg4 10. Be3 Nd7 11. h3 Bxf3 12. Bxf3 e5 13. 0-0 exd4 14. cxd4 c5 15. Qc4 cxd4 16. Bxd4 Rc8 17. Qd5 Ne5 18. Bxe5 Qxd5 19. exd5 Bxe5 20. Rac1 Bd6 21. Rfd1 h5 22. Kf1 Rfe8 23. Rxc8 Rxc8 24. Ke2 Kg7 25. Rd2 b5 26. Kd3 Kf6 27. Rb2 a6 28. Bd1 Rc1 29. Bb3 h4 30. Rc2 Rxc2 31. Bxc2 Ke5 32. a4 Bc5 33. axb5 axb5 34. f3 f5 35. Bb3 Bd6 36. Ba2 Kf4 37. Ke2 Be5 38. Bb3 Kg5 39. Ke3 Kf6 40. Bd1 Ke7 41. Be2 b4 42. Bc4 Kd6 43. Kd3 Kc5 44. Bb3 Bg3 45. Ke3 Bh2 46. Ba2 Be5 47. Bb3 Bf6 48. Ba2 Bg5+ 49. Kd3 Bf4 50. Bb3 Bh2 51. Ba2 Bg1 52. Bb3 Bf2 53. Ba2 Kb5 54. Bb3 Bc5 55. Bc2 Bf2 1/2-1/2

[Event "Coulsdon Easter"]
[Site "Coulsdon"]
[Date "2009.04.17"]
[Round "8"]
[White "Baker, Chris W"]
[Black "Savage, Ben D"]
[Result "1-0"]
[WhiteElo "2351"]
[BlackElo "2330"]
[PlyCount "51"]
[EventDate "2009.04.13"]
[EventType "tourn"]
[EventRounds "13"]
[EventCountry "ENG"]
[EventCategory "6"]
[SourceTitle "CBM 129 Extra"]
[Source "ChessBase"]
[SourceDate "2009.05.05"]
[SourceVersion "2"]
[SourceVersionDate "2009.05.20"]
[SourceQuality "1"]

1. c4 e5 2. Nc3 Nf6 3. Nf3 Nc6 4. e4 Bc5 5. Nxe5 Nxe5 6. d4 Nxe4 7. Nxe4 Bb4+ 8. Nc3 Ng6 9. Bd3 0-0 10. 0-0 Bxc3 11. bxc3 d6 12. Qh5 Qd7 13. Re1 Qg4 14. Qxg4 Bxg4 15. Be4 Rab8 16. Ba3 b6 17. Re3 Rfe8 18. Rae1 Bd7 19. g3 Nf8 20. f4 g6 21. Kf2 Kg7 22. c5 dxc5 23. dxc5 f5 24. Bd5 Rxe3 25. Rxe3 Re8 26. c6 1-0